INFOS '92 zborník z 22. informatického seminára konaného v dňoch 27.-30. apríla v Jasnej pod Chopkom

Guardado en:
Detalles Bibliográficos
Autores Corporativos: INFOS, Spolok slovenských knihovníkov
Otros Autores: Radochová, Daniela
Formato: Libro
Lenguaje:eslovaco
checo
alemán
inglés
Publicado: Bratislava ALFA 1992
Materias:
Etiquetas: Agregar Etiqueta
Sin Etiquetas, Sea el primero en etiquetar este registro!

MARC

LEADER 00000nam a2200000 4500
001 c128590
005 20221123090622.4
020 |a 80-05-01052-4 
041 0 |a slo 
041 0 |a cze 
041 0 |a ger 
041 0 |a eng 
044 |a SK 
245 1 0 |a INFOS '92  |b zborník z 22. informatického seminára konaného v dňoch 27.-30. apríla v Jasnej pod Chopkom  |c [zostavila Daniela Radochová] 
264 1 |a Bratislava  |b ALFA  |c 1992 
300 |a 187 s. 
610 2 0 |a knihoveda 
610 2 0 |a knihovníctvo 
610 2 0 |a informatika 
700 1 |a Radochová, Daniela 
110 2 |a INFOS 
710 2 |a Spolok slovenských knihovníkov